| 000 | 00569 a2200205 4500 | ||
|---|---|---|---|
| 020 | _a9780470044728 | ||
| 020 | _a0471758019 | ||
| 020 | _a9780471758013 | ||
| 040 |
_aDLC _bDLC |
||
| 100 | 1 | _aResnick, Robert | |
| 245 | 1 | 0 |
_aFundamentals of physics _bDavid Halliday, Robert Resnick, Jearl Walker. |
| 250 | _a8th ed. | ||
| 260 |
_aHoboken, NJ : _bWiley, _cc2008. |
||
| 300 |
_axxii, 1056 p. : _bill. ; _c29 cm. |
||
| 500 | _aIncludes index. | ||
| 650 | 0 | _aPhysics | |
| 700 | 1 |
_aResnick, Robert, _d1923- |
|
| 700 | 1 |
_aWalker, Jearl, _d1945- |
|
| 942 |
_cBK _k530 RES _2ddc |
||
| 999 |
_c10353 _d10353 |
||